Space hard quiz - Statistics

General Stats
  • This quiz has been taken 18 times
  • The average score is 5 of 7
Answer Stats
Hint Answer % Correct
What is the hottest star WR 102
100%
What planet has the most CO² Venus
94%
What star owns the Solar System Sun
88%
What planet spins on its side Uranus
88%
What is the only dwarf in the inner solar system Ceres
82%
A year on Neptune 165 Earth Years
35%
What is the furthest planet from the sun ( not Sedna or Eris or Neptune ) Planet X
29%
No matching quizzes found
Score Distribution
Percent of People with Each Score
Percentile by Number Answered
Your Score History
You have not taken this quiz